| 000 | 00000nam 2200000zi 4500 |
| 001 | 9.952750 |
| 003 | CaOODSP |
| 005 | 20250821125440 |
| 006 | m o d f |
| 007 | cr |n||||||||| |
| 008 | 250626e199101##abc obf f|0| 0 eng d |
| 040 | |aCaOODSP|beng|erda|cCaOODSP |
| 043 | |an-cn--- |
| 086 | 1 |aDR52-2/10-1991E-PDF |
| 100 | 1 |aCurrie, J. G., |eauthor. |
| 245 | 10|aLocating library articles : |bLOLA cataloguing manual / |cby J.G. Currie. |
| 264 | 1|aRalston, Alberta : |bDefence Research Establishment Suffield, |cJanuary 1991. |
| 300 | |a1 online resource (1 volume (various pagings)) : |billustrations. |
| 336 | |atext|btxt|2rdacontent |
| 337 | |acomputer|bc|2rdamedia |
| 338 | |aonline resource|bcr|2rdacarrier |
| 490 | 1 |aSuffield Special Publication ; |vNo. 141 |
| 500 | |aDigitized edition from print [produced by Defence Research and Development Canada]. |
| 500 | |a"Unclassified." |
| 504 | |aIncludes bibliographical references. |
| 520 | |a"Cataloguing procedures for the Defence Research Establishment Suffield library system's Master Bibliographic File LOLA (Locating Library Articles) are presented. The manual describes the cataloguing of books, journals and documents in separate sections. Each tag or entry point is described on an individual basis. The LOLA template is explained. Examples of data entry for all three items are given. Lists of approved abbreviations and Corporate Author acronyms are attached"--Abstract. |
| 610 | 20|aDefence Research Establishment Suffield|xLibrary. |
| 650 | 0|aLibrary catalogs. |
| 650 | 0|aDescriptive cataloging|vHandbooks, manuals, etc. |
| 650 | 6|aCatalogues de bibliothèques. |
| 650 | 6|aDescription bibliographique|vGuides, manuels, etc. |
| 655 | 7|aHandbooks and manuals|2lcgft |
| 655 | 7|aGuides et manuels|2rvmgf |
| 710 | 2 |aDefence Research Establishment Suffield, |eissuing body. |
| 830 | #0|aSuffield special publication ;|vNo. 141.|w(CaOODSP)9.926017 |
| 856 | 40|qPDF|s1.01 MB|uhttps://publications.gc.ca/collections/collection_2025/rddc-drdc/DR52-2-10-1991-eng.pdf |